| 000 | 00817cab a2200277 4500 | ||
|---|---|---|---|
| 001 | E2036 | ||
| 008 | 090401t1994 xxu||||| |||| 00| 0 eng d | ||
| 035 | _a(Sirsi) u37151 | ||
| 041 | _aeng | ||
| 100 | _aRowan-Robinson, J. | ||
| 245 | 4 | _aThe implementation of LAAPC in Scotland | |
| 260 | _c1994 | ||
| 350 | _a0 | ||
| 490 |
_aScottish Planning and Environmental Law _v(42) April 1994, 22-24(3) |
||
| 520 | _aDescribes the implementation of LAAPC in Scotland. | ||
| 650 | _aAIR POLLUTION | ||
| 650 | _aENVIRONMENTAL PROTECTION ACT 1990 | ||
| 650 | _aLAAPC | ||
| 650 | _aLOCAL AUTHORITY AIR POLLUTION CONTROL | ||
| 650 | _aSCOTTISH ENVIRONMENTAL PROTECTION AGENCY | ||
| 690 | _aENVIRONMENTAL AND LAND CONSULTANCY | ||
| 700 | _aRoss, A. | ||
| 700 | _aDunse, N. | ||
| 942 | _n0 | ||
| 948 | _c04/03/1997 | ||
| 999 |
_c24035 _d24035 |
||